| 000 | 01382nam a2200241Ia 4500 | ||
|---|---|---|---|
| 003 | Ost | ||
| 005 | 20260507074853.0 | ||
| 008 | 260507s9999||||xx |||||||||||||| ||und|| | ||
| 040 | _cfsecg | ||
| 041 | _aara | ||
| 082 | _a330 | ||
| 100 |
_aالصيرفي، محمد _eمؤلف |
||
| 245 | 0 |
_aالإتصالات الدولية ونظم المعلومات / _c محمد الصيرفي |
|
| 260 |
_aالبحرين: _bمؤسسة لورد العالمية للشؤون الجامعية, _c2006 |
||
| 300 |
_a151 صفحة؛ _bإيضاحات ؛ _c24 سم |
||
| 520 | _aيضم مفهوم الإتصال وأهدافه وخصائصه، المهارات الاتصالية، مسؤولية الاتصال، نماذج الاتصال، شبكات الاتصال، الاتصال الرسمي وغير الرسمي، الاتصال الشخصي، الاتصصال التنظيمي، عوائق الاتصال، الاتصال الاقناعي، مفهوم وخصائص نظم المعلومات الادارية، تنظيم نظم المعلومات الادارية، الرقابة على نظم المعلومات الادارية | ||
| 653 | _aالاتصالات | ||
| 653 | _aالادارة | ||
| 653 | _aالرقابة | ||
| 653 | _aنظم المعلومات- المؤسسة الممتدة | ||
| 700 |
_aحامد، عبد الغني _eمؤلف ثانوي |
||
| 942 | _cكتاب | ||
| 999 |
_c41595 _d41595 |
||